00511cam a2200181 a 4500001000800000005001700008008004100025010001700066020002800083040001800111041000800129080001900137082002300156100000700179101000800186245007100194504006400265309071620180814050322.0981023s1999 caua b 001 0 eng  a 98049447  a0534351840 (alk. paper) aDLCcDLCdDLC aeng a519.40285 CHEN00a519.40285 CHEN2211 a36 aMAT10aNumerical mathematics and computing /cWard Cheney, David Kincaid. aIncludes bibliographical references (p. 653-660) and index.